Proyecto, construcción del vivero municipal para la reforestación de parcelas en el municipio de Sabanas de San Ángel en el departamento del Magdalena (Registro nro. 4174)

Detalles MARC
000 -CABECERA
Campo de control 00733nam a2200217 a 4500
005 - FECHA Y HORA DE LA ULTIMA TRANSACCION
Campo de control 20200527142130.0
008 - ELEMENTOS DE LONGITUD FIJA—INFORMACION GENERAL
Campo de control 140314b2001 ck ||||| |||| 00| 0 spa d
040 ## - FUENTE DE CATALOGACIÓN
Agencia catalogadora original CO-BoIAVH
Agencia transcriptora CO-BoIAVH
041 ## - IDIOMA
Código de idioma para texto/pista de sonido o título separado Español
044 ## - PAÍS DE PUBLICACIÓN
País de publicación Colombia
082 ## - NUMERO DE CLASIFICACION DECIMAL DEWEY
Número de clasificación 333.75153
090 ## - CLASIFICACIÓN LOCAL
Colección LB
Consecutivo 03859
110 ## - ASIENTO PRINCIPAL--NOMBRE CORPORATIVO
Unidad subordinad Municipio Sabanas de San Ángel. Departamento del Magdalena
245 ## - MENCION DE TITULO
Título Proyecto, construcción del vivero municipal para la reforestación de parcelas en el municipio de Sabanas de San Ángel en el departamento del Magdalena
260 ## - PUBLICACION, DISTRIBUCION, ETC. (PIE DE IMPRENTA)
Lugar de publicación, distribución, etc. Magdalena
Nombre del editor, distribuidor, etc. El Municipio
Fecha de publicación, distribución, etc. 2001
300 ## - DESCRIPCION FISICA
Extensión 45 p.
650 ## - ASIENTO SECUNDARIO DE MATERIA - TERMINO TEMATICO
Término temático o nombre geográfico como elemento de entrada Refosteración
651 ## - ASIENTO SECUNDARIO DE MATERIA - NOMBRE GEOGRAFICO
Nombre geográfico Municipio de Sabanas de San Angel
942 ## - ELEMENTOS ADICIONALES (KOHA)
Tipo de ítem Libro
Sistema de clasificación Local
945 ## - PROCESAMIENTO LOCAL
AAAA-MM-DD - Fecha de ingreso o modificacion 2004-10-07
Existencias
Withdrawn status Lost status Sistema de Clasificación Damaged status No para préstamo Colección Ubicación Permanente Ubicación actual Fecha de adquisición Fuente de Valor Total Checkouts Número topográfico Inventario / Código de Barras Date last seen Ejemplar Price effective from Tipo de material
    Local     General Villa de Leyva Villa de Leyva 07/10/2004 Cavelier, Inés   LB-03859 016750 04/12/2012 Ej. 1 04/12/2012 Folleto